Obálka Náhled e-knihy:
Epub
Pro půjčování e-knih musíte být přihlášeni.
Jak si půjčit online?

Markéta Lazarová /

Klasický román Vladislava Vančury přináší příběh o čisté duši a čisté lásce uprostřed chladného a nemilosrdného středověku. Markéta Lazarová má být zaslíbena bohu a strávit život v bezpečí kláštera, ale namísto toho je unesena čeládkou loupežníka Kozlíka. Uprostřed nelítostné sebranky kupodivu nenac...

Celý popis

Uloženo v:
Hlavní autor: Vančura, Vladislav (Autor)
Médium: E-kniha
Jazyk:Czech
Vydáno: Praha : Artis, 2023
Tagy:
Žádné tagy
LEADER 01488nam a22002297i 4500
001 312027
007 ta
008 260601s2023 xr ||||| |||| 00| 0 cze d
020 |a 9990003817068 
044 |a xr 
100 1 |a  Vančura, Vladislav  |4 aut 
245 1 0 |a Markéta Lazarová /  |c  Vančura, Vladislav 
264 1 |a Praha :  |b Artis,  |c 2023 
300 |a 1 online zdroj (111 stran) 
336 |a text  |b txt  |2 rdacontent 
337 |a bez média  |b n  |2 rdamedia 
338 |a online zdroj  |b cr  |2 rdacarrier 
520 2 |a Klasický román Vladislava Vančury přináší příběh o čisté duši a čisté lásce uprostřed chladného a nemilosrdného středověku. Markéta Lazarová má být zaslíbena bohu a strávit život v bezpečí kláštera, ale namísto toho je unesena čeládkou loupežníka Kozlíka. Uprostřed nelítostné sebranky kupodivu nenachází jen ponížení, ale i lásku, pokoru a pokřivený, leč upřímný smysl pro čest. Poprvé román vyšel v roce 1931 a v roce 1967 na jeho motivy František Vláčil natočil film, který se zařadil k vrcholům české kinematografie. 
910 |a RBIT002 
998 |d 381706  |a https://core.palmknihy.cz/api/books/381706/cover?rz08y0  |b https://core.palmknihy.cz/api/books/381706/cover/400?rz08y0  |c https://core.palmknihy.cz/api/books/381706/cover/50?rz08y0  |e 2099-12-01  |g 111  |i 9990003817068  |j https://core.palmknihy.cz/api/books/381706/preview.epub  |l   |q 49  |r 1  |s https://www.palmknihy.cz/kniha/381706  |t ebook  |y 2023  |z 1 
999 |d 312025